Ojo con Gorgona (Registro nro. 4500)

Detalles MARC
000 -CABECERA
Campo de control 00661nam a2200205 a 4500
005 - FECHA Y HORA DE LA ULTIMA TRANSACCION
Campo de control 20160419144512.0
008 - ELEMENTOS DE LONGITUD FIJA—INFORMACION GENERAL
Campo de control 130815b ck ||||| |||| 00| 0 spa d
040 ## - FUENTE DE CATALOGACIÓN
Agencia catalogadora original CO-BoIAVH
Agencia transcriptora CO-BoIAVH
041 ## - IDIOMA
Código de idioma para texto/pista de sonido o título separado Español
090 ## - CLASIFICACIÓN LOCAL
Colección EA
Consecutivo 00060
110 2# - ASIENTO PRINCIPAL--NOMBRE CORPORATIVO
Nombre corporativo o de jurisdicción como elemento de entrada Invemar
245 1# - MENCION DE TITULO
Título Ojo con Gorgona
Parte restante del título Parque Nacional Natural
260 ## - PUBLICACION, DISTRIBUCION, ETC. (PIE DE IMPRENTA)
Lugar de publicación, distribución, etc. s.l.
Nombre del editor, distribuidor, etc. FONADE
-- INVEMAR
Fecha de publicación, distribución, etc. [199?]
300 ## - DESCRIPCION FISICA
Extensión 23 paginas
Otros detalles físicos ilustraciones
Dimensiones 19 cm.
590 ## - NOTA LOCAL
Nota local Firma de Claudia María Villa en primera hoja en el ejemplar 3 Bogotá
650 14 - ASIENTO SECUNDARIO DE MATERIA - TERMINO TEMATICO
Término temático o nombre geográfico como elemento de entrada Comunidades marinas
Subdivisión geográfica Gorgona (Isla, Colombia)
650 14 - ASIENTO SECUNDARIO DE MATERIA - TERMINO TEMATICO
Término temático o nombre geográfico como elemento de entrada Lagarto Azul
650 14 - ASIENTO SECUNDARIO DE MATERIA - TERMINO TEMATICO
Término temático o nombre geográfico como elemento de entrada Mico cariblanco
942 ## - ELEMENTOS ADICIONALES (KOHA)
Tipo de ítem Folleto
Sistema de clasificación Local
Existencias
Withdrawn status Lost status Sistema de Clasificación Damaged status No para préstamo Colección Inventariado Ubicación Permanente Ubicación actual Fecha de adquisición Total Checkouts Número topográfico Inventario / Código de Barras Date last seen Ejemplar Price effective from Forma de adquisición Tipo de material
    Local     Educación Ambiental Inventariado 2017 Sala Fabio Quevedo Sala Fabio Quevedo 18/05/2005   EA-00060 017956 04/12/2012 Ej. 1 04/12/2012   Folleto
    Local     Educación Ambiental Inventariado 2017 Sala Fabio Quevedo Sala Fabio Quevedo 18/05/2005   EA-00060 017899 04/12/2012 Ej. 2 04/12/2012   Folleto